[Event "Ch Georgia (juniors) (under 20) (g)"]
[Site "masterchessopen.com Tbilisi (Georgia)"]
[Date "2002.03.26"]
[Round "8"]
[White "Javakhishvili Lela (GEO)"]
[Black "Matnadze Ana (GEO)"]
[Result "1-0"]
[WhiteElo "2300"]
[BlackElo "2392"]

1.d4 Nf6 2.c4 e6 3.Nc3 Bb4 4.e3 Nc6 5.Bd3 e5 6.Ne2 d5 7.cxd5 Nxd5 8.e4 Nb6
9.d5 Ne7 10.a3 Bd6 11.Nb5 O-O 12.O-O Ng6 13.Be3 f5 14.f3 f4 15.Bf2 Nd7 16.Rc1
a6 17.Nxd6 cxd6 18.Nc3 Nh8 19.Kh1 g5 20.g4 fxg3 21.hxg3 Nf6 22.Be3 h6 23.Rc2
Bh3 24.Rg1 Bd7 25.Rh2 Kg7 26.Be2 Ng6 27.f4 Rh8 28.Rgg2 Qc8 29.f5 Ne7 30.Qd2 b5
31.Bh5 Nxh5 32.Rxh5 Be8 33.Rh3 Qd8 34.Rgh2 Ng8 35.Bxg5 Qxg5 36.Qxg5+ hxg5
37.Rxh8 Nf6 38.R8h6 Bf7 39.Kg2 Rb8 40.Kf3 a5 41.Rxf6 Kxf6 42.Rh6+ Ke7 43.f6+
Kf8 44.Kg4 b4 45.axb4 axb4 46.Nd1 {#r} 1-0

[Event "Ch Georgia (w)"]
[Site "masterchessopen.com Tbilisi (Georgia)"]
[Round "7"]
[White "Khurtsidze Nino (GEO)"]
[Black "Matnadze Ana (GEO)"]
[Result "1-0"]
[WhiteElo "2418"]
[BlackElo "2282"]

1.d4 Nf6 2.c4 e6 3.Nc3 Bb4 4.e3 Nc6 5.Ne2 d5 6.a3 Be7 7.cxd5 exd5 8.Nf4 Bf5
9.Qb3 Na5 10.Qa4+ c6 11.Bd2 O-O 12.Ncxd5 cxd5 13.Qxa5 b6 14.Qb5 g5 15.Ne2 a6
16.Qb3 Ne4 17.Nc3 Nxd2 18.Kxd2 Be6 19.h4 gxh4 20.Bd3 f5 21.g3 Kh8 22.Ne2 Bg5
23.gxh4 Bh6 24.f4 b5 25.Rac1 Rc8 26.Rxc8 Bxc8 27.Qc2 Qe7 28.Qc5 Qe6 29.Rg1 Re8
30.Rg3 Bf8 31.Qc7 Qh6 32.Qf7 {#r} 1-0

[Event "Ch Georgia (w)"]
[Site "masterchessopen.com Tbilisi (Georgia)"]
[Date "2001.04.03"]
[Round "2"]
[White "Nikoladze Sopio (GEO)"]
[Black "Matnadze Ana (GEO)"]
[Result "0-1"]
[WhiteElo "2231"]
[BlackElo "2342"]

1.d4 Nf6 2.c4 e6 3.Nc3 Bb4 4.e3 Nc6 5.Bd3 e5 6.Ne2 d5 7.cxd5 Nxd5 8.O-O exd4
9.Nxd5 Qxd5 10.exd4 O-O 11.Qc2 h6 12.Be3 Bd6 13.a3 Qh5 14.Ng3 Qh4 15.f4 Ne7
16.Be4 f5 17.Bf3 Be6 18.Bxb7 Rab8 19.Bf3 Bxf4 20.Bxf4 Qxf4 21.Qc5 Qd6 22.Rae1
Kf7 23.Rf2 Rfd8 24.Rfe2 Rb6 25.Nh5 g5 26.Qxd6 Rbxd6 27.Ng7 Kxg7 28.Rxe6 Rxe6
29.Rxe6 Kf7 30.Ra6 g4 31.Be2 Rxd4 32.Rxa7 Nd5 33.b3 Kf6 34.Bc4 Ne3 35.Be2 Rd2
36.Kf2 Nxg2 37.Kxg2 Rxe2+ 38.Kg1 Rc2 39.Ra4 Ke5 40.Ra8 Kf4 41.Rf8 Rc3 42.Rf7
Rxb3 43.Rxc7 Rxa3 44.Rc2 Ke3 45.Kg2 f4 46.Rb2 Rd3 47.Rb8 Rd2+ 48.Kg1 Rd1+
49.Kg2 f3+ 50.Kg3 Rg1+ 51.Kh4 f2 52.Re8+ Kd4 {#R} 0-1

[Event "Ch Georgia (w)"]
[Site "masterchessopen.com Tbilisi (Georgia)"]
[Date "2002.04.23"]
[Round "13"]
[White "Tkeshelashvili Sopio (GEO)"]
[Black "Matnadze Ana (GEO)"]
[Result "0-1"]
[WhiteElo "2293"]
[BlackElo "2392"]

1.d4 Nf6 2.c4 e6 3.Nc3 Bb4 4.e3 Nc6 5.Ne2 d5 6.cxd5 exd5 7.a3 Be7 8.Nf4 Bf5
9.Qb3 Na5 10.Qa4+ c6 11.Bd2 O-O 12.Ncxd5 Nxd5 13.Nxd5 Qxd5 14.Qxa5 c5 15.dxc5
Rac8 16.c6 Qxa5 17.Bxa5 Rxc6 18.Bc3 Bf6 19.Bxf6 gxf6 20.Be2 Rc2 21.b4 Rfc8
22.Bd1 Rc1 23.Rxc1 Rxc1 24.O-O Rc3 25.a4 Bd3 26.Re1 Rc1 27.f4 Bc2 28.Bxc2
Rxe1+ 29.Kf2 Rc1 30.Bd3 Ra1 31.Bb5 Rb1 32.Kf3 Rxb4 33.h4 h6 34.Kg4 Kf8 35.Kf5
Ke7 36.g4 a6 {#R} 0-1

[Event "Ch Georgia (w)"]
[Site "masterchessopen.com Tbilisi (Georgia)"]
[Date "2006.01.20"]
[Round "11"]
[White "Khurtsidze Nino (GEO)"]
[Black "Matnadze Ana (GEO)"]
[Result "1-0"]
[WhiteElo "2419"]
[BlackElo "2392"]

1.d4 Nf6 2.c4 e6 3.Nc3 Bb4 4.e3 Nc6 5.Ne2 d5 6.a3 Be7 7.cxd5 exd5 8.Nf4 Bf5
9.Be2 g5 10.Nd3 h5 11.Ne5 Kf8 12.Nxc6 bxc6 13.Na4 g4 14.Bd2 Ne4 15.Rc1 Rh6
16.O-O Bd6 17.Bb4 Bxb4 18.axb4 Rb8 19.Qe1 h4 20.Nc5 Ng5 21.Qd1 Rxb4 22.Bxg4
Qc8 23.Qd2 Rb8 24.Be2 Rg6 25.Kh1 Ne4 26.Nxe4 dxe4 27.Rc5 Bg4 28.Rfc1 h3 29.g3
Bxe2 30.Qxe2 Qe6 31.Kg1 Qa2 32.Qh5 Rxb2 33.Qh8+ Ke7 34.Qh4+ Ke8 35.Rh5 Rg8
36.Qxe4+ Kf8 37.Re5 Rg6 38.Re8+ Kg7 39.Qh4 Rh6 40.Qg4+ Rg6 41.Qxh3 Rh6 42.Qg4+
Rg6 43.Qh4 Rh6 44.Qe7 Rb1 45.Rxb1 Qxb1+ 46.Kg2 Qa2 47.Qf8+ Kg6 48.Qg8+ Kf6
49.h4 Rg6 50.Qh8+ Rg7 51.Rg8 Qd5+ 52.Kh2 {#r} 1-0

[Event "Ch Germany"]
[Site "masterchessopen.com Heringsdorf (Germany)"]
[Round "3"]
[White "Graf Alexander (GER)"]
[Black "Zeller Frank (GER)"]
[Result "1-0"]
[WhiteElo "2642"]
[BlackElo "2434"]

1.d4 Nf6 2.c4 e6 3.Nc3 Bb4 4.e3 Nc6 5.Ne2 d5 6.a3 Bf8 7.Ng1 g6 8.Nf3 Bg7 9.b4
O-O 10.Bb2 a6 11.Be2 dxc4 12.Bxc4 Ne8 13.Ne4 Nd6 14.Bd3 Bd7 15.Nc5 Be8 16.O-O
Qe7 17.Qc2 Rd8 18.Rac1 Nb8 19.e4 c6 20.Rfe1 Nb5 21.e5 Na7 22.Rcd1 Nd7 23.Nxb7
Nxe5 24.dxe5 Qxb7 25.Bxg6 {#r} 1-0

[Event "Ch Great Britain"]
[Site "masterchessopen.com Blackpool (England)"]
[Round "1"]
[White "Blackstock Lesly S F (SCO)"]
[Black "Franklin Michael J (ENG)"]
[Result "1-0"]
[WhiteElo "2255"]
[BlackElo "2191"]

1.d4 Nf6 2.c4 e6 3.Nc3 Bb4 4.e3 Nc6 5.Ne2 O-O 6.a3 Bxc3+ 7.Nxc3 d6 8.Be2 e5
9.d5 Ne7 10.e4 Ng6 11.h4 Ne8 12.g3 f5 13.h5 Ne7 14.h6 g6 15.Bg5 Nf6 16.Qc2
Nxe4 17.Nxe4 fxe4 18.Qxe4 Qe8 19.g4 Qf7 20.O-O-O Bd7 21.f4 exf4 22.Rhf1 Rae8
23.Rxf4 Nf5 24.Qc2 Re5 25.gxf5 Bxf5 26.Bd3 Qd7 27.Bxf5 Rexf5 28.Rxf5 Rxf5
29.Bd2 b5 30.cxb5 Rxd5 31.Bc3 Rxb5 32.Qf2 Qf7 33.Qd4 Re5 34.Qxa7 Qf4+ 35.Kb1
Rc5 36.Bg7 Qe4+ 37.Ka1 Qe8 38.Rf1 Rf5 39.Rxf5 gxf5 40.Qg1 {#r} 1-0

[Event "Ch Great Britain"]
[Site "masterchessopen.com Blackpool (England)"]
[Round "11"]
[White "Ludgate Alan (IRL)"]
[Black "Franklin Michael J (ENG)"]
[Result "1-0"]
[WhiteElo "2265"]
[BlackElo "2191"]

1.d4 Nf6 2.c4 e6 3.Nc3 Bb4 4.e3 Nc6 5.Ne2 O-O 6.a3 Bxc3+ 7.Nxc3 d6 8.Be2 e5
9.d5 Ne7 10.e4 Ne8 11.Be3 f5 12.f3 Nf6 13.Qd2 a6 14.O-O-O Bd7 15.c5 Qe8 16.Kb1
Qg6 17.Bd3 f4 18.Bg1 Rfc8 19.Ka1 Be8 20.Bf1 Qh5 21.Bf2 g5 22.Be2 Bd7 23.Qc2
Qe8 24.Qb3 Rcb8 25.Rc1 Kh8 26.Na2 Ng6 27.cxd6 cxd6 28.Bb6 Qe7 29.Bc7 Rg8
30.Qxb7 Raf8 31.Qb6 Ne8 32.Bd8 Qg7 33.Bxg5 Ne7 34.h4 Nc8 35.Qxa6 h6 36.Rxc8
Bxc8 37.Qxc8 Nf6 38.Bxf6 Qxf6 39.Qe6 {#r} 1-0

[Event "Ch Great Britain"]
[Site "masterchessopen.com Rhyl (England)"]
[Round "7"]
[White "Wade Robert G (ENG)"]
[Black "Franklin Michael J (ENG)"]
[Result "1-0"]
[WhiteElo "2148"]
[BlackElo "2191"]

1.d4 Nf6 2.c4 e6 3.Nc3 Bb4 4.e3 Nc6 5.Bd3 O-O 6.Ne2 e5 7.d5 Ne7 8.O-O d6 9.Qc2
Bd7 10.Ng3 a5 11.a3 Bc5 12.b3 h6 13.Rb1 Bb6 14.b4 axb4 15.axb4 c6 16.dxc6 bxc6
17.Rd1 d5 18.c5 Bc7 19.e4 d4 20.Nce2 g5 21.Bd2 Ng6 22.Nf5 Bxf5 23.exf5 Nf4
24.Ng3 Nxd3 25.Qxd3 Qd5 26.f3 Qa2 27.Ne4 Nd5 28.Rb3 Nc3 29.Rxc3 dxc3 30.Bxc3
f6 31.Rd2 Qf7 32.h4 Rfd8 33.Qe3 Rxd2 34.Qxd2 Rd8 35.Qe1 Kg7 36.hxg5 hxg5
37.Qa1 Qd5 38.Qa7 Rd7 39.Qa6 g4 40.Kf2 gxf3 41.gxf3 Rd8 42.b5 Qd3 43.Qxc6 Qc2+
44.Kg3 Rg8 45.Bd2 Bd8 46.b6 Qd1 47.Kf2 Kh8 48.Qd7 Qg1+ 49.Ke2 Rg2+ 50.Kd3 Qb1+
51.Kc4 Qa2+ 52.Kb5 Qb3+ 53.Bb4 Rg8 54.Nc3 Rf8 55.b7 {#r} 1-0

[Event "Ch Great Britain"]
[Site "masterchessopen.com Southport (England)"]
[Round "10"]
[White "Flear Glenn C (ENG)"]
[Black "Johansen Darryl K (AUS)"]
[Result "0-1"]
[WhiteElo "2471"]
[BlackElo "2485"]

1.d4 Nf6 2.c4 e6 3.Nc3 Bb4 4.e3 Nc6 5.Ne2 d5 6.a3 Be7 7.cxd5 exd5 8.Nf4 Nb8
9.b4 a6 10.Bd3 c6 11.Rb1 O-O 12.O-O Bd6 13.a4 Re8 14.Qc2 Nbd7 15.Rd1 Nf8 16.b5
a5 17.bxc6 bxc6 18.e4 dxe4 19.Nxe4 Nxe4 20.Bxe4 Bd7 21.Be3 Qf6 22.g3 Bg4
23.Re1 Rac8 24.f3 Bd7 25.Nd3 Bf5 26.Bf2 Ne6 27.Bxf5 Qxf5 28.f4 Qg6 29.Qd2 h5
30.Rb3 Qf5 31.Qe2 Nxd4 32.Qxe8+ Rxe8 33.Rxe8+ Kh7 34.Bxd4 Qd5 35.Rb1 Qxd4+
36.Nf2 Bc5 37.Rf1 h4 38.Re5 g6 39.Kg2 Bd6 40.Re4 Qc3 41.Rfe1 Bc5 42.f5 gxf5
43.Rxh4+ Kg7 44.Re2 Qb3 45.Rd2 Be3 46.Rd3 Qe6 47.Kf3 Bb6 48.Rf4 Bc7 49.Rh4 c5
50.Nd1 c4 51.Rc3 Qe1 52.Rd4 Qh1+ 53.Ke2 Qxh2+ 54.Nf2 Bxg3 55.Rf3 Bxf2 56.Rxc4
Bg3+ 57.Kd3 f4 {#R} 0-1

[Event "Ch Hungary"]
[Site "masterchessopen.com Budapest (Hungary)"]
[Round "0"]
[White "Kluger Gyula (HUN)"]
[Black "Szily Jozsef (HUN)"]
[Result "1-0"]
[WhiteElo "2250"]
[BlackElo "2390"]

1.d4 Nf6 2.c4 e6 3.Nc3 Bb4 4.e3 Nc6 5.Nf3 O-O 6.Bd2 Re8 7.Qc2 Bf8 8.a3 d5
9.Bd3 a6 10.O-O dxc4 11.Bxc4 Bd6 12.Rad1 Qe7 13.Rfe1 e5 14.Ng5 exd4 15.Nd5
{#r} 1-0

[Event "Ch Hungary"]
[Site "masterchessopen.com Budapest (Hungary)"]
[Round "0"]
[White "Kluger Gyula (HUN)"]
[Black "Bilek Istvan (HUN)"]
[Result "0-1"]
[WhiteElo "2250"]
[BlackElo "2375"]

1.d4 Nf6 2.c4 e6 3.Nc3 Bb4 4.e3 Nc6 5.Nf3 O-O 6.Bd3 Re8 7.O-O e5 8.Ne4 Bf8
9.dxe5 Ng4 10.Nfg5 Ncxe5 11.f4 d5 12.cxd5 Nxd3 13.Qxd3 h6 14.h3 hxg5 15.hxg4
gxf4 16.Rxf4 Re5 17.Nc3 Rg5 18.Bd2 Bxg4 19.Raf1 Bh5 20.e4 Bg6 21.R1f3 Rh5
22.g3 Qd7 23.Qe2 Re8 24.Qg2 Bb4 25.Qf2 Qh3 26.Qg2 Qxg2+ 27.Kxg2 Bxc3 {#R} 0-1

[Event "Ch Hungary"]
[Site "masterchessopen.com Budapest (Hungary)"]
[Round "0"]
[White "Petran Pal (HUN)"]
[Black "Tompa Janos (HUN)"]
[Result "1-0"]
[WhiteElo "2384"]
[BlackElo "2398"]

1.d4 Nf6 2.c4 e6 3.Nc3 Bb4 4.e3 Nc6 5.Bd3 e5 6.Ne2 d5 7.O-O dxc4 8.Bxc4 O-O
9.a3 Bd6 10.d5 Ne7 11.Ng3 c6 12.dxc6 Nxc6 13.Nge4 Nxe4 14.Nxe4 Bc7 15.Qh5 Qe7
16.Bd2 h6 17.Rac1 Rd8 18.Bb4 Nxb4 19.Bxf7+ Qxf7 20.Qxf7+ Kxf7 21.Rxc7+ Rd7
22.Rxd7+ Bxd7 23.axb4 Bc6 24.Nc3 Rd8 25.b5 Be8 26.Ra1 Rd2 27.Rxa7 Rxb2
28.Rxb7+ Kg6 29.h4 Rb3 30.Re7 Bf7 31.Ne4 Rxb5 32.h5+ {#r} 1-0

[Event "Ch Hungary (team)"]
[Site "masterchessopen.com Hungary"]
[Round "0"]
[White "Zsinka Laszlo (HUN)"]
[Black "Magyar Otto (HUN)"]
[Result "0-1"]
[WhiteElo "2286"]
[BlackElo "2234"]

1.d4 Nf6 2.c4 e6 3.Nc3 Bb4 4.e3 Nc6 5.Ne2 d5 6.a3 Be7 7.Ng3 h5 8.cxd5 exd5
9.Bd3 h4 10.Nge2 h3 11.g3 Bg4 12.f4 Bf3 13.O-O Bg2 14.Re1 O-O 15.f5 Bf3 16.Qc2
Re8 17.Nf4 Bd6 18.Qf2 Bg4 19.Bd2 Ne7 20.Qf1 Qd7 21.Nxh3 Bxf5 22.Nf4 c6 23.Rad1
Rad8 24.Bc1 Bg4 25.Rd2 Nc8 26.Rf2 Bxf4 27.Rxf4 Nd6 28.Rxf6 gxf6 29.Qxf6 Bf5
30.e4 Re6 31.Qg5+ Rg6 32.Qf4 dxe4 33.Be2 Bg4 34.Qe5 Re8 35.Qf4 Bxe2 36.Nxe2
Qf5 37.Qe3 Nc4 38.Qc3 b5 39.Nf4 Rd6 40.b3 Nb6 41.Qb4 Red8 42.Be3 Nd5 43.Nxd5
Rxd5 44.Qe7 R8d7 45.Qe8+ Kg7 46.Bf4 Qe6 47.Qxe6 fxe6 48.Rxe4 Kf7 49.Be3 e5
50.dxe5 Ke6 51.Bf4 Rd3 52.Re2 c5 53.Rb2 Rf3 54.Kg2 Rdd3 55.Rc2 Rc3 56.Rd2 Rfd3
57.Rf2 Rxb3 58.h4 c4 59.h5 c3 60.Kh3 Rb2 61.Rf1 c2 {#R} 0-1

[Event "Ch Metropolitan"]
[Site "masterchessopen.com Buenos Aires (Argentina)"]
[Round "6"]
[White "Suarez Jose Luis (ARG)"]
[Black "Samur Arturo (ARG)"]
[Result "0-1"]
[WhiteElo "2201"]
[BlackElo "2213"]

1.d4 Nf6 2.c4 e6 3.Nc3 Bb4 4.e3 Nc6 5.Ne2 d5 6.a3 Bf8 7.cxd5 exd5 8.Ng3 g6
9.Bd3 Bg7 10.b4 a6 11.Bd2 O-O 12.O-O Ne7 13.Qb3 c6 14.a4 Be6 15.a5 h5 16.f3
Re8 17.Na4 h4 18.Nh1 Bf5 19.Nc5 Rb8 20.Nf2 Bh6 21.Rfe1 Nd7 22.Bf1 Nc8 23.Rad1
Nd6 24.Qc3 Bg7 25.Bc1 Qf6 26.Nfd3 Nb5 27.Qb2 Re7 28.Nxd7 Bxd7 29.Nc5 h3 30.Qf2
hxg2 31.Bxg2 Qf5 32.Bb2 Bf6 33.Qg3 Ree8 34.e4 dxe4 35.fxe4 Qg4 36.Bf3 Qxg3+
37.hxg3 Bc8 38.e5 Be7 39.d5 Bxc5+ 40.bxc5 cxd5 41.Rxd5 Be6 42.Rd2 Rec8 43.Rc1
Na7 44.Rd6 Nc6 45.Bc3 Rc7 46.Bxc6 bxc6 47.Bd2 Rb2 48.Bg5 Bd5 49.Rc3 Rc8 50.Bf6
Rcb8 51.Rd8+ Rxd8 52.Bxd8 Kf8 53.Bc7 Ke8 54.Re3 Kd7 55.Bb6 Ke6 56.Kf1 Kf5
57.Ke1 g5 58.Bc7 g4 59.Re2 Rb3 60.Rf2+ Ke4 61.Re2+ Kd3 62.Rd2+ Kc4 63.Rc2+ Kb5
64.Bb6 Rxg3 65.Bc7 Rb3 66.Kd2 g3 67.Rc1 g2 68.Bb6 Rb2+ 69.Ke3 Kb4 70.Re1 Bc4
71.Rg1 Bf1 72.Kf3 Kc4 73.Kf4 Kd3 74.Kf5 Ke3 75.Kf6 Bc4 {#R} 0-1

[Event "Ch Netherlands (open)"]
[Site "masterchessopen.com Dieren (Netherlands)"]
[Round "3"]
[White "Enklaar Bertus F (NED)"]
[Black "Pieterse Gert (NED)"]
[Result "0-1"]
[WhiteElo "2390"]
[BlackElo "2361"]

1.d4 Nf6 2.c4 e6 3.Nc3 Bb4 4.e3 Nc6 5.Nf3 O-O 6.Be2 Re8 7.O-O d5 8.a3 Bf8 9.b4
dxc4 10.Bxc4 h6 11.Bb2 a6 12.e4 Re7 13.Qe2 Nd5 14.Rad1 Nxc3 15.Bxc3 Qe8 16.Qb2
Na7 17.Ne5 Bd7 18.Nxd7 Rxd7 19.a4 Rdd8 20.Bb3 Nc8 21.f4 Nd6 22.Rde1 b5 23.d5
Nc4 24.Bxc4 bxc4 25.dxe6 Qxe6 26.f5 Qb6+ 27.Kh1 Rab8 28.Rb1 Rd3 29.e5 Qc6
30.Qc2 Qd5 31.Rfe1 h5 32.e6 Bd6 33.exf7+ Kxf7 34.f6 g6 35.Re2 h4 36.Rbe1 h3
37.Kg1 hxg2 38.Rxg2 a5 39.b5 Bc5+ 40.Kh1 Rh8 41.Be5 Re8 42.Bc3 Qf3 43.Rc1 Bb6
44.Bb2 Re4 45.Ra1 Rd5 {#R} 0-1

[Event "Ch Netherlands (open)"]
[Site "masterchessopen.com Dieren (Netherlands)"]
[Round "3"]
[White "Hofman Ron (NED)"]
[Black "Bottema Tom (NED)"]
[Result "0-1"]
[WhiteElo "2195"]
[BlackElo "2231"]

1.d4 Nf6 2.c4 e6 3.Nc3 Bb4 4.e3 Nc6 5.Ne2 d5 6.a3 Bf8 7.cxd5 exd5 8.h3 g6
9.Nf4 Ne7 10.Qf3 Bg7 11.g4 h6 12.Bd3 O-O 13.Rg1 c6 14.Bd2 a5 15.Rc1 g5 16.Ng2
Ng6 17.Qg3 Re8 18.Kd1 b6 19.f4 Bd7 20.f5 Nf8 21.h4 N8h7 22.Rh1 c5 23.Ne1 c4
24.Bc2 b5 25.Nf3 b4 26.axb4 axb4 27.Ne2 Ba4 28.hxg5 Nxg5 29.Nxg5 hxg5 30.Bxb4
Bxc2+ 31.Rxc2 Qb8 32.Bd6 Qb3 33.Nc1 Ra1 34.e4 Nxe4 35.Qxb3 cxb3 36.Rc6 Nf2+
{#R} 0-1

[Event "Ch Netherlands (w)"]
[Site "masterchessopen.com Dieren (Netherlands)"]
[Round "1"]
[White "De Vries Sylvia (NED)"]
[Black "De Kleuver Esther (NED)"]
[Result "1-0"]
[WhiteElo "2150"]
[BlackElo "2126"]

1.d4 Nf6 2.c4 e6 3.Nc3 Bb4 4.e3 Nc6 5.Nf3 d5 6.Qc2 h6 7.Bd3 a6 8.a3 dxc4
9.Bxc4 Bd6 10.e4 e5 11.dxe5 Nxe5 12.Nxe5 Bxe5 13.Bd2 Ng4 14.f4 Bd4 15.Nd1 O-O
16.Bc3 c6 17.Qd3 Bxc3+ 18.Qxc3 Qe7 19.e5 Nf6 20.Qe3 Re8 21.O-O Bf5 22.Nc3 Rad8
23.Rad1 Rxd1 24.Rxd1 Ng4 25.Qd4 c5 26.Qd2 b5 27.Bf1 h5 28.h3 Nh6 29.Qd6 Qa7
30.Kh1 g6 31.Nd5 Kg7 32.Qf6+ Kg8 33.Qg5 Kg7 34.Nf6 Rd8 35.Nxh5+ Kh7 36.Qxd8
{#r} 1-0

[Event "Ch Paris (open)"]
[Site "masterchessopen.com Paris (France)"]
[Date "2004.07.05"]
[Round "3"]
[White "David Alberto (LUX)"]
[Black "Abergel Thal (FRA)"]
[Result "1-0"]
[WhiteElo "2573"]
[BlackElo "2428"]

{ } 1.d4 { 1 } 1...Nf6 2.c4 e6 3.Nc3 Bb4 4.e3 Nc6 5.Bd2 { ?/= } 5...O-O (
5...d5 6.a3 Bxc3 7.Bxc3 Ne4 8.Rc1 Ne7 9.Nf3 c6 10.Bd3 Nxc3 11.Rxc3 f5 12.Ne5
O-O 13.c5 Bd7 14.f4 Be8 15.O-O Ng6 16.Nxg6 Bxg6 17.b4 Be8 18.Qe2 Rc8 19.Rb1
Rc7 20.a4 g5 21.b5 Rg7 22.bxc6 Bxc6 23.Bb5 Qc7 24.Rf1 Kh8 25.Rf2 { ...1/2-1/2,
Zugic Igor 2435 - Blatny Pavel 2458 , New York 2001 It (cat.9) } ) 6.Qc2 { N }
( 6.a3 Bxc3 7.Bxc3 Ne4 8.Qc2 Nxc3 9.Qxc3 a5 10.b3 d6 11.Nf3 Qe7 12.Be2 e5
13.d5 Nd8 14.e4 Bg4 15.O-O c5 16.b4 Qc7 17.bxc5 Qxc5 18.Rfb1 Bd7 19.Rb2 f6
20.Rc1 Rb8 21.Ne1 b6 22.Rcb1 f5 23.Nd3 Qc7 24.Bf3 Nf7 25.Qc1 Rfc8 {
...1/2-1/2, Kanko Ilkka 2273 - Hamann Svend 2353 , Halle 1963 Zt } ) ( 6.Bd3
d5 7.c5 e5 8.a3 Bxc3 9.Bxc3 Re8 10.Bb5 e4 11.Ne2 Bd7 12.Nf4 a6 13.Ba4 b5
14.cxb6 cxb6 15.O-O b5 16.Bb3 Be6 17.Rc1 Na5 18.Bxa5 Qxa5 19.Nxe6 Rxe6 20.Rc5
Rd8 21.Qc2 Ng4 { 1/2-1/2, Pavkovic Ned - Shepherd Thomas, Australia 1996 It
(open) "Belconnen" } ) 6...d5 { } ( 6...d6 7.a3 Bxc3 8.Bxc3 e5 9.O-O-O Qe7
10.h3 Re8 11.d5 Nb8 12.g4 a5 13.g5 Nfd7 14.h4 a4 15.Ne2 Nc5 16.Ng3 Nbd7 17.Nf5
Qd8 18.Be2 Nf8 19.Rdg1 Bxf5 20.Qxf5 Qd7 21.Qc2 Qe7 22.Bg4 Nfd7 23.Bf5 g6
24.Bh3 Nb6 25.Bf1 c6 26.dxc6 { ...0-1, Kalichkin Igor 2245 - Gorin Leonid 2443
, Tula 1998 Ch Russia (1/2 final) } ) 7.a3 { N } ( 7.Nf3 dxc4 8.Bxc4 a6 9.O-O
Bd6 10.a3 Bd7 11.Kh1 Qe7 12.Rae1 e5 13.Ng5 g6 14.dxe5 Nxe5 15.Ba2 Nh5 16.f4
Ng4 17.Nd5 Qd8 18.Rf3 c6 19.Nc3 Bc7 20.Nce4 Bf5 21.Bb4 h6 22.h3 Ngf6 23.Nxf6+
Qxf6 24.e4 hxg5 25.exf5 gxf5 26.Be7 Rae8 { ...1-0, David Alberto 2580 -
Nikcevic Nebojsa 2455 , Paris 2003 It (cat.8) } ) 7...Bxc3 8.Bxc3 Ne4 9.Nf3
Qf6 { N } ( 9...a5 10.b3 b6 11.Bb2 Ba6 12.Bd3 f5 13.Rc1 Rc8 14.O-O Rf6 15.Rfd1
Rh6 16.Bf1 g5 17.cxd5 g4 18.Bxa6 gxf3 19.gxf3 Qg5+ 20.Kf1 Rxh2 21.fxe4 Rf8
22.e5 f4 23.e4 f3 24.Ke1 Qg1+ 25.Kd2 Qxf2+ 26.Kc3 Qg3 27.Qd3 exd5 28.Rg1 Rg2
29.Rxg2 { ...1-0, Pachman Ludek 2278 - Fischer Robert J 2780 , Santiago 1959 }
) ( 9...Qe7 10.b4 a6 11.Bb2 f5 12.Be2 Rf6 13.Rc1 Qe8 14.Ne5 Ne7 15.f3 Nd6
16.O-O c6 17.c5 Nf7 18.Nd3 g5 19.Qd2 Bd7 20.e4 h6 21.Rce1 Nh8 22.Bd1 Nhg6
23.Bc2 Qf8 24.Rf2 Qg7 25.exf5 Nxf5 26.g3 Raf8 27.Ref1 R6f7 28.Nc1 Nfe7 29.Ne2
{ ...1/2-1/2, Petrosian Tigran V 2580 - Agzamov Georgy, Moscow 1983 Ch URS } )
( 9...b6 10.Bd3 f5 11.b4 Bb7 12.Bb2 Qe8 13.cxd5 exd5 14.O-O Rc8 15.Rfc1 Nd8
16.Ne5 Rf6 17.f3 Nd6 18.b5 Qh5 19.Qe2 Ne6 20.Rc2 f4 21.Rf1 Nf5 22.Bxf5 Qxf5
23.Rfc1 h5 24.a4 Rff8 25.exf4 Nxf4 26.Qf1 Ne6 27.Qf2 g5 28.Qe3 Rfe8 29.g3 {
...1-0, Korchnoi Viktor 2569 - Zaitsev Igor A 2423 , Yerevan 1962 Ch URS } )
10.Bd3 Nxc3 11.Qxc3 Re8 12.O-O dxc4 13.Bxc4 e5 14.d5 Nd8 15.Rac1 Bf5 16.Rfe1
Re7 17.Nd2 Rc8 18.e4 Bg4 19.h3 Bh5 20.Qe3 a6 21.Nb3 c6 22.Be2 { } ( 22.Nc5 {
!? } 22...Rec7 23.Ba2 Ra8 24.Nd3 { } ) 22...Bxe2 23.Rxe2 { !? } ( 23.Qxe2 { ?!
} 23...Rec7 24.Rcd1 Qd6 25.Qh5 { } ) 23...Rcc7 { ?? } ( { ? } 23...Rec7
24.Rec2 Qd6 25.Qb6 Qd7 { } ) 24.d6 { } {#r} 1-0

[Event "Ch Philippines (w)"]
[Site "masterchessopen.com Manila (Philippines)"]
[Date "2011.07.19"]
[Round "5"]
[White "Perena Catherine (PHI)"]
[Black "Shania Mae Mendoza"]
[Result "1-0"]
[WhiteElo "2083"]
[BlackElo "1788"]

1.d4 Nf6 2.c4 e6 3.Nc3 Bb4 4.e3 Nc6 5.Bd3 d6 6.Nf3 O-O 7.O-O Bxc3 8.bxc3 e5
9.Qc2 Qe7 10.Ng5 h6 11.Ne4 Nxe4 12.Bxe4 f5 13.Bd5+ Kh8 14.Ba3 Qf6 15.Rab1 Nd8
16.dxe5 Qxe5 17.Rfd1 Rb8 18.Bf3 Be6 19.c5 dxc5 20.Rb5 b6 21.Bxc5 a6 22.Bxf8
Qxb5 23.Be2 Qe8 24.Ba3 Nf7 25.c4 Rd8 26.Rxd8 Qxd8 27.Bb2 Qd7 28.c5 a5 29.a3
Bd5 30.h4 Kg8 31.Bd3 Be6 32.c6 Qd8 33.Bxf5 Bxf5 34.Qxf5 Qd1+ 35.Kh2 Qd6+ 36.g3
Qxc6 37.Qg4 g6 38.Qc8+ Kh7 39.Qf8 {#r} 1-0

[Event "Ch Poland"]
[Site "masterchessopen.com Piotrkow Trybunalski (Poland)"]
[Date "1977.02.17"]
[Round "4"]
[White "Dobosz Henryk (POL)"]
[Black "Kostyra Stanislaw (POL)"]
[Result "1-0"]
[WhiteElo "2409"]
[BlackElo "2328"]

1.d4 Nf6 2.c4 e6 3.Nc3 Bb4 4.e3 Nc6 5.Bd3 e5 6.Ne2 O-O 7.O-O Re8 8.a3 Bxc3
9.bxc3 b6 10.e4 d6 11.Bb2 Na5 12.Ng3 Ba6 13.Qe2 Qd7 14.Rae1 Qc6 15.f4 Bxc4
16.fxe5 Bxd3 17.Qxd3 dxe5 18.d5 Rad8 19.Bc1 Qc5+ 20.Kh1 Nd7 21.Nf5 Nf8 22.Qg3
Ng6 23.h4 h5 24.Qg5 Qf8 25.Qxh5 Nc4 26.Bh6 gxh6 27.Nxh6+ Kg7 28.Rxf7+ Qxf7
29.Nxf7 Kxf7 30.Rf1+ Kg7 31.Qg5 Rh8 32.Qf6+ Kh7 33.Rf5 Nf4 34.Qf7+ Kh6 35.Rf6+
{#r} 1-0

[Event "Ch Poland (team) (region)"]
[Site "masterchessopen.com Poland"]
[Round "0"]
[White "Waniek Andrzej (POL)"]
[Black "Gromada Andrzej (POL)"]
[Result "1-0"]
[WhiteElo "2113"]
[BlackElo "2090"]

1.d4 Nf6 2.c4 e6 3.Nc3 Bb4 4.e3 Nc6 5.Qc2 e5 6.d5 Ne7 7.Bd2 O-O 8.Bd3 c6 9.e4
d6 10.Nge2 Kh8 11.O-O a6 12.a3 Bc5 13.b4 Ba7 14.Nd1 Bd7 15.Be3 cxd5 16.cxd5
Rc8 17.Qb3 Bxe3 18.Nxe3 Qe8 19.a4 Rc7 20.Nc4 Nc8 21.Nc3 Qe7 22.b5 Nh5 23.bxa6
bxa6 24.Ne3 a5 25.Ne2 g6 26.Rac1 Rxc1 27.Rxc1 f5 28.f3 fxe4 29.Bxe4 Qe8 30.Rc4
Ne7 31.Qb6 Qb8 32.Qxa5 Qb2 33.Bc2 Nf5 34.Nd1 Qa2 35.Rc7 Nf4 36.Nxf4 exf4
37.Qc3+ Kg8 38.Rxd7 Re8 39.Bxf5 {#r} 1-0

[Event "Ch Region (1/2 final)"]
[Site "masterchessopen.com Lipetsk (Russia)"]
[Date "2007.10.20"]
[Round "8"]
[White "Krutikov Ilya (RUS)"]
[Black "Kudryashov Nikolaj (RUS)"]
[Result "1-0"]
[WhiteElo "1778"]
[BlackElo "2030"]

1.d4 Nf6 2.c4 e6 3.Nc3 Bb4 4.e3 Nc6 5.Ne2 d5 6.a3 Be7 7.Ng3 h5 8.Bd3 h4 9.Nge2
h3 10.g3 e5 11.cxd5 exd4 12.dxc6 dxc3 13.Nxc3 bxc6 14.e4 Be6 15.Qe2 Ng4 16.Bc4
Bxc4 17.Qxc4 Ne5 18.Qa6 Nf3+ 19.Kf1 Nd4 20.Be3 c5 21.Rd1 O-O 22.Nd5 Bd6
23.Bxd4 cxd4 24.Rxd4 Qg5 25.f4 Qg4 26.Qe2 Qe6 27.Ke1 Rfe8 28.Rf1 Rad8 29.Rf3
Bc5 30.Nxc7 Qb6 31.Rxd8 Rxd8 32.Nd5 Qe6 33.Rd3 Rb8 34.b4 Bg1 35.Kd2 a5 36.Rc3
axb4 37.axb4 Ra8 38.Rc2 f5 39.Nc3 fxe4 40.Nxe4 Bxh2 41.Ng5 Qxe2+ 42.Kxe2 Bxg3
43.Nxh3 Rb8 44.Rb2 Rb5 45.Kd3 Kf7 46.Kc4 Rb8 47.b5 Be1 48.Kc5 Ba5 49.b6 Ke6
50.Kc6 Kf5 51.Rb5+ {#r} 1-0

[Event "Ch Romania"]
[Site "masterchessopen.com Romania"]
[Round "13"]
[White "Ghitescu Theodor (ROM)"]
[Black "Ciocaltea Viktor (ROM)"]
[Result "1-0"]
[WhiteElo "2384"]
[BlackElo "2420"]

1.d4 Nf6 2.c4 e6 3.Nc3 Bb4 4.e3 Nc6 5.Ne2 d5 6.a3 Be7 7.cxd5 exd5 8.g3 O-O
9.Bg2 Nb8 10.O-O c6 11.f3 a5 12.e4 Na6 13.e5 Ne8 14.Be3 f6 15.f4 f5 16.Bf3 g6
17.Rf2 Ng7 18.h3 Be6 19.g4 b5 20.g5 Kf7 21.h4 Rh8 22.h5 h6 23.hxg6+ Kxg6
24.Rg2 hxg5 25.fxg5 Nc7 26.Nf4+ Kf7 27.Nh5 Nxh5 28.Bxh5+ Kg7 29.Qf3 f4 30.Bxf4
Qd7 31.Ne2 Raf8 32.Ng3 c5 33.Qd3 Bf5 34.e6 Qxe6 35.Nxf5+ Qxf5 36.Be5+ Kg8
37.Qe2 {#r} 1-0